00991cam a2200277 i 45000010008000000030007000080050017000150080041000320200038000730400022001110420009001330840021001421000014001632450146001772460088003232460088004112500011004992600052005103000033005626000022005956500019006176500022006366500022006586500019006807000014006991225432YEEZEN20260202141339.0250922s2025 ch a g 000 0bchi d a9786267035382q(平裝) :cNT$480 aTWTNMbchicTWTNM anbic a783.38862ncsclt1 a林靜芸10a謝謝你留下來陪我 :b為失智者.照顧者找出口 林靜芸醫師勇敢書寫林芳郁院長的故事 /c林靜芸, 洪淑惠合著30a為失智者.照顧者找出口 林靜芸醫師勇敢書寫林芳郁院長的故事30a為失智者.照顧者找出口 林靜藝醫師勇敢書寫林芳郁院長的故事 a一版 a新北市 :b聯合報健康事業部,c2025.06 a319面 :b彩圖 ;c23公分17a林芳郁2lcstt. 7a醫師2lcstt. 7a失智症2lcstt. 7a照顧者2lcstt. 7a傳記2lcstt.1 a洪淑惠